Score 0/20 Timer 04:00
0 Plays Today
% Correct
Superman
97.9%
Finding Nemo
97.6%
The Jungle Book
93.4%
The Lion King
92.8%
One Hundred and One Dalmatians
92.1%
Bambi
91.1%
Three Men and a Baby
90.5%
Frozen
90.1%
Alien
88.4%
Men in Black
87%
% Correct
Harry Potter and the Philosopher's|Sorcerer's Stone
86.5%
The Prince of Egypt
82.5%
Father of the Bride II
81%
Rosemary's Baby
79.6%
Gremlins
79.6%
Tangled
78.1%
Knocked Up
73.6%
Star Wars
72.1%
Jurassic Park
65.9%
Ghostbusters II
59.1%
Remove Ads.
Support Sporcle.
Get the best of Sporcle when you Go Orange. This ad-free experience offers more features, more stats, and more fun while also helping to support Sporcle. Thank you for becoming a member.

You're not logged in!

Compare scores with friends on all Sporcle quizzes.
OR
Log In

Sporcle TV

Today on Sporcle TV


Watch our educational content, quiz creation guides, and fun videos on Sporcle TV.

Show Comments

Extras

Top Quizzes Today


Score Distribution

Paid Content

Your Account Isn't Verified!

In order to create a playlist on Sporcle, you need to verify the email address you used during registration. Go to your Sporcle Settings to finish the process.

Report this User

Report this user for behavior that violates our Community Guidelines.

Details: